00458nam a22001697a 450000500170000000800410001702000180005804000130007608200180008910000170010724500480012425000120017226000590018430000110024365000140025465000200026820211116120240.0211116b ||||| |||| 00| 0 eng d a9789352705474 cPK-LaUMT a616.07bMOH-P aMohan, Harsh aPathology :bquick review /cby Harsh Mohan a5th ed. aNew Delhi :bJaypee Brothers Medical Publishers,c2019 a598 p. aPathology aPathology-Human